Reversing the spiral: the population, agriculture, and environment nexus in Sub-Saharan Africa (Record no. 80209)
[ view plain ]
| 000 -LEADER | |
|---|---|
| fixed length control field | 01215nam a2200241 a 4500 |
| 008 - FIXED-LENGTH DATA ELEMENTS--GENERAL INFORMATION | |
| fixed length control field | 120416s1994 ||||||||||||||||| || u |
| 020 ## - INTERNATIONAL STANDARD BOOK NUMBER | |
| International Standard Book Number | 0821327690 |
| 050 ## - LIBRARY OF CONGRESS CALL NUMBER | |
| Classification number | IBRD(06)DD/1994/3 |
| 100 ## - MAIN ENTRY--PERSONAL NAME | |
| Personal name | Cleaver, Kelvin M |
| 245 10 - TITLE STATEMENT | |
| Title | Reversing the spiral: the population, agriculture, and environment nexus in Sub-Saharan Africa |
| 260 ## - PUBLICATION, DISTRIBUTION, ETC. | |
| Place of publication, distribution, etc. | Washington, D.C. |
| Name of publisher, distributor, etc. | World Bank |
| Date of publication, distribution, etc. | 1994 |
| 350 ## - | |
| -- | 0.00 |
| 490 ## - | |
| -- | Directions in development |
| 500 ## - GENERAL NOTE | |
| General note | Includes a supplement |
| 650 ## - SUBJECT ADDED ENTRY--TOPICAL TERM | |
| Topical term or geographic name entry element | HUMAN ECOLOGY--AFRICA, SUB-SAHARAN |
| 650 ## - SUBJECT ADDED ENTRY--TOPICAL TERM | |
| Topical term or geographic name entry element | AFRICA, SUB-SAHARAN--ENVIRONMENTAL CONDITIONS |
| 650 ## - SUBJECT ADDED ENTRY--TOPICAL TERM | |
| Topical term or geographic name entry element | AGRICULTURE--ENVIRONMENTAL ASPECTS--AFRICA, SUB-SAHARAN |
| 700 ## - ADDED ENTRY--PERSONAL NAME | |
| Personal name | Schreiber, Gotz A |
| 710 ## - ADDED ENTRY--CORPORATE NAME | |
| Corporate name or jurisdiction name as entry element | World Bank |
| 995 ## - | |
| -- | SPECIAL COLLECTIONS |
| -- | 0.00 |
| -- | 028250 |
| -- | CBU-MAIN LIBRARY (Kitwe) |
| -- | 1 |
| -- | 0.00 |
| -- | IBRD(06)DD/1994/3B |
| -- | 2 |
| -- | AVAILABLE |
| -- | Aug 9, 2007 |
| -- | 028250 |
| -- | International Publications |
| 995 ## - | |
| -- | SPECIAL COLLECTIONS |
| -- | 0.00 |
| -- | 026544 |
| -- | CBU-MAIN LIBRARY (Kitwe) |
| -- | 1 |
| -- | 0.00 |
| -- | IBRD(02)1994/ 94C |
| -- | 3 |
| -- | AVAILABLE |
| -- | Aug 9, 2007 |
| -- | 026544 |
| -- | International Publications |
| 995 ## - | |
| -- | SPECIAL COLLECTIONS |
| -- | 0.00 |
| -- | 026548 |
| -- | CBU-MAIN LIBRARY (Kitwe) |
| -- | 1 |
| -- | 0.00 |
| -- | IBRD(06)DD/1994/3A |
| -- | 1 |
| -- | AVAILABLE |
| -- | Aug 9, 2007 |
| -- | 026548 |
| -- | International Publications |
| 999 ## - | |
| -- | 80209 |
| -- | 80209 |
| Withdrawn status | Lost status | Source of classification or shelving scheme | Damaged status | Not for loan | Permanent Location | Current Location | Shelving location | Date acquired | Total Checkouts | Full call number | Barcode | Date last seen | Copy number | Price effective from | Koha item type |
|---|---|---|---|---|---|---|---|---|---|---|---|---|---|---|---|
| CBU-MAIN LIBRARY, KITWE. | CBU-MAIN LIBRARY, KITWE. | 06/29/2023 | IBRD(06)DD/1994/3B | 028250 | 06/29/2023 | 1 | 06/29/2023 | SPECIAL COLLECTION | |||||||
| CBU-MAIN LIBRARY, KITWE. | CBU-MAIN LIBRARY, KITWE. | 06/29/2023 | IBRD(02)1994/94C | 026544 | 06/29/2023 | 2 | 06/29/2023 | SPECIAL COLLECTION | |||||||
| CBU-MAIN LIBRARY, KITWE. | CBU-MAIN LIBRARY, KITWE. | 06/29/2023 | IBRD(06)DD/1994/3A | 026548 | 12/17/2025 | 3 | 06/29/2023 | SPECIAL COLLECTION |